The melody lingers on (Record no. 137439)

000 -LEADER
fixed length control field 00337nam a2200121Ia 4500
008 - FIXED-LENGTH DATA ELEMENTS--GENERAL INFORMATION
fixed length control field 220120s9999||||xx |||||||||||||| ||und||
082 ## - DEWEY DECIMAL CLASSIFICATION NUMBER
Classification number 823 CLA
100 ## - MAIN ENTRY--PERSONAL NAME
Personal name Clark, Mary Huggins
9 (RLIN) 11900
245 #4 - TITLE STATEMENT
Title The melody lingers on
260 ## - PUBLICATION, DISTRIBUTION, ETC.
Place of publication, distribution, etc. Simon and Schuster
Name of publisher, distributor, etc. New Delhi
Date of publication, distribution, etc. 2015
300 ## - PHYSICAL DESCRIPTION
Extent XXIII,856p.
Other physical details 399
650 ## - SUBJECT ADDED ENTRY--TOPICAL TERM
Topical term or geographic name entry element PROGRAMMING LANGUAGE
Holdings
Withdrawn status Lost status Damaged status Not for loan Collection code Home library Current library Date acquired Total Checkouts Full call number Barcode Date last seen Date last checked out Price effective from Koha item type
        Humanity Science Central Library Central Library 01/20/2022 2 823 CLA GF1298 01/06/2023 01/03/2023 01/20/2022 Gift Books

Powered by Koha